000 00754nam a2200229Ia 4500
005 20220510112059.0
008 210716s2015 xx 000 0 und d
020 _a9789351503873
040 _cAIMIT LIBRARY
041 _aeng
082 _a658.314
_21
_bBHAD
100 _aBhattacharyya, Dipak Kumar.
_935523
245 _aMagnetic organization :
_battracting and retaining the best talent /
_cBy Dipak Kumar Bhattacharyya
250 _a1st ed.
260 _aNew Delhi :
_bSage Publications ,
_c2015.
300 _axviii, 193p. ;
_c21.6 cm.
650 _aTalent Management
_935524
650 _aAttracting the Right Talent
_935525
650 _aNurturing Talent
_935526
650 _aRetaining Talent
_935527
942 _2ddc
_cBK
_e1st
_k658.314 BHAD
999 _c210609
_d210609